Reflexiones en torno a la seguridad social en Centroamérica: sobre el papel del estado en los procesos de reproducción de la fuerza de trabajo /

Analiza las políticas de seguridad social dentro del esquema capitalista de reproducción de la fuerza de trabajo - Plantea el desarrollo histórico y comparativo del surgimiento de las garantías sociales en Centroamérica y América Latina, y apunta que son aquello piases que han sufrido una rápida ind...

Ausführliche Beschreibung

Gespeichert in:
Bibliographische Detailangaben
1. Verfasser: Castiglioni, Patricio
Körperschaft: CSUCA. Programa Centroamericano de Ciencias de la Salud
Weitere Verfasser: Chediack, Roberto
Format: Text
Veröffentlicht: San José: CSUCA
Tags: Tag hinzufügen
Keine Tags, Fügen Sie den ersten Tag hinzu!

MARC

LEADER 00000 a a2200000 04500
001 20709
003
040
090 |a 088000  
100 |a Castiglioni, Patricio  
110 |a CSUCA. Programa Centroamericano de Ciencias de la Salud  
245 |a Reflexiones en torno a la seguridad social en Centroamérica: sobre el papel del estado en los procesos de reproducción de la fuerza de trabajo /  |c Patricio Castiglioni 
260 |a San José:   |b CSUCA  
300 |a 19 p.  
520 |a Analiza las políticas de seguridad social dentro del esquema capitalista de reproducción de la fuerza de trabajo - Plantea el desarrollo histórico y comparativo del surgimiento de las garantías sociales en Centroamérica y América Latina, y apunta que son aquello piases que han sufrido una rápida industrialización, a partir de los años de 1930, los que primero llevaron a cabo las luchas por las garantías sociales. Concluye que dichas garantías son la expresión de los gobiernos populistas y reformistas como los de Costa Rica y Panamá  
700 |a Chediack, Roberto  
999 |c 1430  |d 1430